000
00228nam a22000857a 4500
008
170111b xxu||||| |||| 00| 0 eng d
100
_9
2306
_a
Sarin. S
245
_a
Environmental Studies-4
260
_a
New Delhi
_b
Angel publication
_c
2006
999
_c
5217
_d
5217